| 000 | 00567nam a2200181Ia 4500 | ||
|---|---|---|---|
| 008 | 140609s9999 xx 000 0 und d | ||
| 020 | _a9780470404683 | ||
| 050 |
_aHF 5549.5.T7 _b.C534 2010 |
||
| 100 | _aChan, Janis Fisher. | ||
| 245 |
_aTraining fundamentals / _cJanis Fisher Chan |
||
| 260 |
_aSan Francisco, CA : _bPfeiffer, _cc2010. |
||
| 300 |
_a246 p. : _bill. ; _c24 cm. |
||
| 440 | _a(Pfeiffer essential guides to training basics). | ||
| 500 | _aIncludes bibliographical references and index. | ||
| 521 | _aBSBA | ||
| 942 |
_kFOR _cBK |
||
| 999 |
_c118041 _d118041 |
||